000 01811cam a2200409 i 4500
001 21551393
003 OSt
005 20230918153012.0
008 200604s2021 cau b 001 0 eng
010 _a 2020024900
020 _a9781523091256
_q(paperback)
020 _z9781523091263
_q(adobe pdf)
020 _z9781523091270
_q(epub)
040 _aDLC
_beng
_cDLC
_erda
_dDLC
042 _apcc
050 0 0 _aBF637.P76
_bT735 2021
082 0 0 _a371.30281
_bTRA/E
100 1 _aTracy, Brian,
_eauthor.
245 1 0 _aEat that frog! for students :
_b22 ways to stop procrastinating and excel in school /
_cBrian Tracy with Anna Leinberger.
250 _aFirst edition.
264 1 _aOakland, CA :
_bBerrett-Koehler Publishers, Inc.,
_c[2021]
300 _axi, 172 pages ;
_c22 cm
336 _atext
_btxt
_2rdacontent
337 _aunmediated
_bn
_2rdamedia
338 _avolume
_bnc
_2rdacarrier
504 _aIncludes bibliographical references.
520 _a"Adapted from Brian Tracy's international time-management bestseller, Eat That Frog!, this book will give today's stressed-out and overwhelmed students the tools for lifelong success"--
_cProvided by publisher.
650 0 _aProcrastination.
650 0 _aLearning strategies.
650 0 _aStudy skills.
700 1 _aLeinberger, Anna,
_eauthor.
700 1 _aTracy, Brian.
_tEat that frog!
_iAdaptation of:
776 0 8 _iOnline version:
_aTracy, Brian.
_tEat that frog! for students
_bFirst edition.
_dOakland, CA : Berrett-Koehler Publishers, Inc., [2020]
_z9781523091263
_w(DLC) 2020024901
906 _a7
_bcbc
_corignew
_d1
_eecip
_f20
_gy-gencatlg
942 _2ddc
_cBK
_h371.30281
_iTRA/E
_k371.30281
_mTRA/E
999 _c42183
_d42183